000 00862nam a2200205Ii 4500
003 JO-AjNU
008 230605s9999||||xx |||||||||||||| ||und||
040 _aJO-AjNU
_bara
_erda
_cJO-AjNU
041 _aara
050 1 4 _aPJ7515 2002
100 3 _aتأليف ولد بوعليبة، محمد ؛ صبري حافظ,
_eauthor
_918016
245 0 0 _aالنقد الغربي والنقد العربي: نصوص متقاطعة، دراسة تطبيقية في النقد المقارن لنصوص خالدة سعيد ويمنى العيد
250 _aط1
264 3 1 _aالقاهرة: المجلس الأعلى للثقافة، 2002
300 _a215ص
336 _atext
_btxt
_2rdacontent
337 _aunmediated
_bn
_2rdamedia
338 _avolume
_bnc
_2rdacarrier
650 4 _aالنقد العربي - النقد الغرب - دراسة تطبيقية
_918017
999 _aA5683
_c9251
_d9251